000 00461nam a2200193Ia 4500
005 20240823025725.0
008 240823s9999||||xx |||||||||||||| ||und||
020 _a978-81-7319-936-3
041 _aENGLISH
082 _A620.5 Q0
100 _aViswanathan B
245 0 _aNano Materials
250 _a1st
260 _c2010
_bNarosa Publishing House New
500 _aYES
650 _aNano Materials
_bNano Technology
942 _cBK
999 _c187000
_d187000